000 00447nam a2200193Ia 4500
005 20240823023836.0
008 240823s9999||||xx |||||||||||||| ||und||
020 _a978-0-00-783701-4
041 _aENGLISH
082 _A823 N5
100 _aSidney Sheldon
245 0 _aNothing Lasts Forever
250 _a1st
260 _c1995
_b"HarperCollins,L"
_aLondon
500 _aYES
650 _aStory
_bEnglish
942 _cBK
999 _c182511
_d182511